000 00385 a2200109 4500
001 ART_63773
005 20260410161814.0
008 260409a
245 1 0 _aEl derecho societario como instrumento de planificación sucesoria
100 1 _aMonteleone Lanfranco, Alejandro P.
773 0 _tDoctrina Societaria y Concursal
_g- Nº 446 (dic. 2025 / ene. 2026)
_wREV4298
999 _c21691
_d21691